| 000 | 00778nam a2200229 i 4500 | ||
|---|---|---|---|
| 001 | 24024 | ||
| 003 | ES-MaACL | ||
| 005 | 20250813062710.0 | ||
| 007 | t| | ||
| 008 | 021213s1981 sp ||||1| spa d | ||
| 100 | 0 |
_aAndreas-Salomé, Lou, _d1861-1937 _921553 |
|
| 245 | 1 | 0 |
_aMirada retrospectiva _b: compendio de algunos recuerdos de la vida / _cLou Andreas-Salomé ; edición original al cuidado de Ernst Pfeiffer ; [traducción: Alejandro Venegas]. |
| 250 | _a[3ª ed.]. | ||
| 260 |
_a[Madrid] : _bAlianza, _c[1981] |
||
| 300 |
_a305 p., 8 lám. ; _c20 cm. |
||
| 490 | 1 | _aAlianza tres | |
| 700 | 1 |
_aPfeiffer, Ernst. _991627 |
|
| 700 | 1 |
_aVenegas, Alejandro. _9113885 |
|
| 830 | 0 | 0 |
_aAlianza tres _9177344 |
| 852 |
_aES-MaACL _jL-1251 _bR.101956 |
||
| 999 |
_c24024 _d24024 |
||